<?xml version="1.0" encoding="UTF-8"?>
<record
    xmlns:xsi="http://www.w3.org/2001/XMLSchema-instance"
    xsi:schemaLocation="http://www.loc.gov/MARC21/slim http://www.loc.gov/standards/marcxml/schema/MARC21slim.xsd"
    xmlns="http://www.loc.gov/MARC21/slim">

  <leader>01433nam a22002897a 4500</leader>
  <controlfield tag="005">20150708142943.0</controlfield>
  <controlfield tag="008">140822b2014    ck ||||| ||||o00| 0 spa d</controlfield>
  <datafield tag="040" ind1=" " ind2=" ">
    <subfield code="a">CO-BoIAVH</subfield>
    <subfield code="c">CO-BoIAVH</subfield>
  </datafield>
  <datafield tag="041" ind1=" " ind2=" ">
    <subfield code="a">spa</subfield>
  </datafield>
  <datafield tag="044" ind1=" " ind2=" ">
    <subfield code="a">ck</subfield>
  </datafield>
  <datafield tag="082" ind1="0" ind2="4">
    <subfield code="a">348.023</subfield>
    <subfield code="b">M66c</subfield>
  </datafield>
  <datafield tag="110" ind1="1" ind2=" ">
    <subfield code="9">169</subfield>
    <subfield code="a">Ministerio de Ambiente y Desarrollo Sostenible</subfield>
    <subfield code="b"> Ministerio de Ambiente y Desarrollo Sostenible</subfield>
  </datafield>
  <datafield tag="245" ind1="1" ind2="0">
    <subfield code="a">C&#xF3;digo Nacional de Recursos Naturales Renovables y de Protecci&#xF3;n del Medio Ambiente :</subfield>
    <subfield code="b">Anotado /</subfield>
    <subfield code="c">Compilado por Constanza Atuesta Cepeda ... (et al.) </subfield>
  </datafield>
  <datafield tag="260" ind1=" " ind2=" ">
    <subfield code="a">Bogot&#xE1;:</subfield>
    <subfield code="b">Ministerio de Ambiente y Desarrollo Sostenible,</subfield>
    <subfield code="c">2014.</subfield>
  </datafield>
  <datafield tag="300" ind1=" " ind2=" ">
    <subfield code="a">244 p.</subfield>
    <subfield code="b">fot (col.)</subfield>
    <subfield code="c">22 cm.</subfield>
  </datafield>
  <datafield tag="520" ind1=" " ind2=" ">
    <subfield code="a">Colombia es pionera en el desarrollo normativo latinoamericano, con la expedici&#xF3;n del C&#xF3;digo Nacional de Recursos Naturales Renovables y de Protecci&#xF3;n del Medio Ambiente, el cual se constituy&#xF3;en la primera compilaci&#xF3;n de car&#xE1;cter ambiental en Am&#xE9;rica Latina.</subfield>
  </datafield>
  <datafield tag="650" ind1=" " ind2="6">
    <subfield code="a">Legislaci&#xF3;n ambiental</subfield>
    <subfield code="z">Colombia</subfield>
    <subfield code="9">34740</subfield>
  </datafield>
  <datafield tag="650" ind1=" " ind2="6">
    <subfield code="a">Normativa Ambiental</subfield>
    <subfield code="z">Colombia</subfield>
    <subfield code="9">34741</subfield>
  </datafield>
  <datafield tag="650" ind1=" " ind2="6">
    <subfield code="a">Recursos naturales renovables</subfield>
    <subfield code="9">34742</subfield>
  </datafield>
  <datafield tag="650" ind1=" " ind2="6">
    <subfield code="a">An&#xE1;lisis de vigencia</subfield>
    <subfield code="9">25788</subfield>
  </datafield>
  <datafield tag="650" ind1=" " ind2="6">
    <subfield code="a">Concordancia jur&#xED;dica</subfield>
    <subfield code="9">25789</subfield>
  </datafield>
  <datafield tag="650" ind1=" " ind2="6">
    <subfield code="a">Jurisprudencia</subfield>
    <subfield code="9">34743</subfield>
  </datafield>
  <datafield tag="700" ind1="1" ind2=" ">
    <subfield code="a">Atuesta-Cepeda, Constanza</subfield>
    <subfield code="e">Comp.</subfield>
    <subfield code="9">25790</subfield>
  </datafield>
  <datafield tag="700" ind1="1" ind2=" ">
    <subfield code="a">Burgos-Navarro, Manuel Santiago</subfield>
    <subfield code="e">Comp.</subfield>
    <subfield code="9">25791</subfield>
  </datafield>
  <datafield tag="700" ind1="1" ind2=" ">
    <subfield code="a">Garc&#xED;a-Pach&#xF3;n, Mar&#xED;a del Pilar</subfield>
    <subfield code="e">Comp.</subfield>
    <subfield code="9">25792</subfield>
  </datafield>
  <datafield tag="942" ind1=" " ind2=" ">
    <subfield code="2">ddc</subfield>
    <subfield code="c">LIBRO</subfield>
  </datafield>
  <datafield tag="999" ind1=" " ind2=" ">
    <subfield code="c">8616</subfield>
    <subfield code="d">8616</subfield>
  </datafield>
  <datafield tag="952" ind1=" " ind2=" ">
    <subfield code="0">0</subfield>
    <subfield code="1">0</subfield>
    <subfield code="2">ddc</subfield>
    <subfield code="4">0</subfield>
    <subfield code="7">0</subfield>
    <subfield code="8">GENERAL</subfield>
    <subfield code="I">INV2017</subfield>
    <subfield code="a">Bogota</subfield>
    <subfield code="b">Bogota</subfield>
    <subfield code="d">2014-08-22</subfield>
    <subfield code="e">Instituto</subfield>
    <subfield code="g">39000.00</subfield>
    <subfield code="l">0</subfield>
    <subfield code="o">LB-348.023 M66c</subfield>
    <subfield code="p">038267</subfield>
    <subfield code="r">2014-08-22 00:00:00</subfield>
    <subfield code="t">Ej. 1</subfield>
    <subfield code="w">2014-08-22</subfield>
    <subfield code="x">Donaci&#xF3;n</subfield>
    <subfield code="y">LIBRO</subfield>
  </datafield>
  <datafield tag="952" ind1=" " ind2=" ">
    <subfield code="0">0</subfield>
    <subfield code="1">0</subfield>
    <subfield code="2">ddc</subfield>
    <subfield code="4">0</subfield>
    <subfield code="7">0</subfield>
    <subfield code="8">GENERAL</subfield>
    <subfield code="I">INV2017</subfield>
    <subfield code="a">Venado</subfield>
    <subfield code="b">Venado</subfield>
    <subfield code="d">2015-06-24</subfield>
    <subfield code="e">Instituto</subfield>
    <subfield code="g">39000.00</subfield>
    <subfield code="l">0</subfield>
    <subfield code="o">LB-348.023 M66c</subfield>
    <subfield code="p">039089</subfield>
    <subfield code="r">2015-06-24 00:00:00</subfield>
    <subfield code="t">Ej. 2</subfield>
    <subfield code="w">2015-06-24</subfield>
    <subfield code="x">Donaci&#xF3;n</subfield>
    <subfield code="y">LIBRO</subfield>
  </datafield>
</record>
